| 000 | 03221cam a2201069 i 4500 | ||
|---|---|---|---|
| 001 | nkc20253672961 | ||
| 003 | CZ PrSKC | ||
| 005 | 20260428170125.0 | ||
| 007 | ta | ||
| 008 | 250123s2025 xr abche 000 0dcze d | ||
| 015 | _acnb003672961 | ||
| 020 |
_a9788027522200 _q(vázáno) |
||
| 035 | _a(OCoLC)1523000732 | ||
| 040 |
_aPVG001 _bcze _dCBA001 _dOLA001 _dABA001 _erda |
||
| 043 |
_ae------ _ae-xr--- |
||
| 045 | _ax3x3 | ||
| 072 | 7 |
_a913(4) _xGeografie Evropy, reálie, cestování _2Konspekt |
|
| 080 |
_a910.4-051 _2MRF |
||
| 080 |
_a796.61 _2MRF |
||
| 080 |
_a913:910.4 _2MRF |
||
| 080 |
_a913(4) _2MRF |
||
| 080 |
_a(4) _2MRF |
||
| 080 |
_a(437.3) _2MRF |
||
| 080 |
_a(047.22) _2MRF |
||
| 100 | 1 |
_aKrainer, Vratislav, _d1915-2003 _4aut |
|
| 245 | 1 | 0 |
_aSlunci a obzoru : _bdeník z putování Evropou na kole v létě 1937 / _cVratislav Krainer ; k vydání připravila Jana Počtová |
| 250 | _aPrvní vydání | ||
| 264 | 1 |
_aBrno : _bHost, _c2025 |
|
| 300 |
_a215 stran : _bilustrace (některé barevné), mapy, portréty, faksimile ; _c17 cm |
||
| 336 |
_atext _btxt _2rdacontent |
||
| 336 |
_astatický obraz _bsti _2rdacontent |
||
| 337 |
_abez média _bn _2rdamedia |
||
| 338 |
_asvazek _bnc _2rdacarrier |
||
| 520 | 2 | _aCestovní cyklistický deník, který skrze postřehy mladého člověka zaznamenává podobu meziválečné Evropy. Na pozadí obyčejných jemných lidských příběhů však často prosvítá i odvrácená strana doby: Evropa připravující se na druhou světovou válku. | |
| 600 | 1 | 7 |
_aKrainer, Vratislav, _d1915-2003 _2czenas |
| 648 | 7 |
_a1937 _2czenas |
|
| 648 | 7 |
_a1931-1940 _2czenas |
|
| 648 | 7 |
_a20. století _2czenas |
|
| 650 | 0 | 7 |
_acestovatelé _zČesko _y20. století _2czenas |
| 650 | 0 | 7 |
_acykloturistika _zEvropa _y1931-1940 _2czenas |
| 650 | 0 | 7 |
_acesty a pobyt _zEvropa _y1931-1940 _2czenas |
| 650 | 0 | 9 |
_atravellers _zCzechia _y20th century _2eczenas |
| 650 | 0 | 9 |
_abicycle touring _zEurope _y1931-1940 _2eczenas |
| 650 | 0 | 9 |
_atravels and stays _zEurope _y1931-1940 _2eczenas |
| 651 | 7 |
_aEvropa _xreálie _2czenas |
|
| 651 | 9 |
_aEurope _xdescription and travel _2eczenas |
|
| 655 | 7 |
_acestovní deníky _2czenas |
|
| 655 | 9 |
_atravel diaries _2eczenas |
|
| 700 | 1 |
_aPočtová, Jana, _d1980- _4edt |
|
| 900 | _b19 | ||
| 910 | _aABA001 | ||
| 910 | _aABA007 | ||
| 910 | _aABA010 | ||
| 910 | _aABB060 | ||
| 910 | _aABG001 | ||
| 910 | _aABG503 | ||
| 910 | _aBNG001 | ||
| 910 | _aBOA001 | ||
| 910 | _aCBA001 | ||
| 910 | _aCHG001 | ||
| 910 | _aCLG001 | ||
| 910 | _aCRG001 | ||
| 910 | _aHBG001 | ||
| 910 | _aHKA001 | ||
| 910 | _aHOG503 | ||
| 910 | _aJCG001 | ||
| 910 | _aKAG503 | ||
| 910 | _aKLG001 | ||
| 910 | _aKLG002 | ||
| 910 | _aKVG001 | ||
| 910 | _aLIA001 | ||
| 910 | _aMOG001 | ||
| 910 | _aNJG504 | ||
| 910 | _aNJG505 | ||
| 910 | _aOLA001 | ||
| 910 | _aOLG001 | ||
| 910 | _aOSA001 | ||
| 910 | _aPAG001 | ||
| 910 | _aPIG001 | ||
| 910 | _aPNA001 | ||
| 910 | _aPRG001 | ||
| 910 | _aPVG001 | ||
| 910 | _aSUG802 | ||
| 910 | _aUHG001 | ||
| 910 | _aULG001 | ||
| 910 | _aVSG501 | ||
| 910 | _aZLG001 | ||
| 910 | _aZNG001 | ||
| 910 | _aZRG001 | ||
| 910 | _aZRG501 | ||
| 942 |
_2ddc _cKNIHA _n0 |
||
| 999 |
_c1885 _d1885 |
||